000 00635cam a2200217 4500500
005 20260405003253.0
041 _afre
042 _adc
100 1 0 _aLarmagnac-Matheron, Octave
_eauthor
245 0 0 _aSimone de Beauvoir vue par Kate Kirkpatrick
260 _c2021.
500 _a28
690 _aBeauvoir
690 _aDevenir
690 _aExistentialisme
690 _aFemme
690 _aPolitique
690 _aSartre
786 0 _nPhilosophie magazine | 148 | 4 | 2021-04-01 | p. 49-49 | 1951-1787
856 4 1 _uhttps://shs.cairn.info/magazine-philosophie-magazine-2021-4-page-49?lang=fr&redirect-ssocas=7080
999 _c2065960
_d2065960